[Event "Puri Odisha op"]
[Site "Puri"]
[Date "2017.12.16"]
[Round "6"]
[White "Sahu, Rajendrakumar"]
[Black "Sourav, Mohanty"]
[Result "1/2-1/2"]
[WhiteElo "1966"]
[BlackElo "1562"]
[PlyCount "129"]
[EventDate "2017.12.14"]
[EventType "swiss"]
[EventRounds "9"]
[EventCountry "IND"]
[SourceTitle "CBM 182 Extra"]
[Source "ChessBase"]
[SourceDate "2018.02.23"]
[SourceVersion "1"]
[SourceVersionDate "2018.02.23"]
[SourceQuality "1"]

1. e4 c6 2. d4 d5 3. Nc3 dxe4 4. Nxe4 Bf5 5. Ng3 Bg6 6. Nf3 Nd7 7. h4 h6 8. h5 Bh7 9. Bd3 Bxd3 10. Qxd3 Ngf6 11. Bd2 e6 12. 0-0-0 Qc7 13. Kb1 0-0-0 14. Qe2 Bd6 15. Ne4 Nxe4 16. Qxe4 Nf6 17. Qe2 Bf4 18. Bc3 Nd5 19. Be1 Rhe8 20. g3 Bd6 21. c4 Nf6 22. Bc3 Nd7 23. c5 Bf8 24. Qe1 e5 25. Ba5 b6 26. cxb6 axb6 27. Bd2 exd4 28. Qf1 c5 29. Rc1 Nb8 30. Qd3 Nc6 31. Rh4 Kb7 32. Rf4 Rd5 33. Rf5 Qd7 34. Nh4 Rxf5 35. Nxf5 Qd5 36. f4 Qe4 37. Qxe4 Rxe4 38. Rg1 Kc7 39. g4 d3 40. b3 Nd4 41. Ng3 Re8 42. Rf1 Ne2 43. Nf5 b5 44. Ne3 Kc6 45. Nd1 c4 46. a4 cxb3 47. axb5+ Kxb5 48. Nb2 Bb4 49. Bxb4 Kxb4 50. Nxd3+ Ka3 51. Nb2 Nc3+ 52. Ka1 Re2 53. Nc4+ Kb4 54. Nb2 Rg2 55. g5 hxg5 56. fxg5 Rxg5 57. Rf4+ Kb5 58. Nd3 Rg2 59. Nf2 f6 60. Kb2 Nd1+ 61. Kxb3 Nxf2 62. h6 gxh6 63. Rf5+ Kb6 64. Rxf6+ Kb7 65. Rxh6 1/2-1/2